01539nab a22002417a 4500003000400000005001700004008004100021040000700062100002100069245017400090260007200264300001500336500003500351505048300386505009000869650002000959650002400979650003901003650003801042650004301080700004101123773013301164OSt20250220115540.0190605e xxu||||| |||| 00| 0 spa d cPJ aForconi, Ignacio13aAlianzas estratégicas en seguridad y salud laboral. Un enfoque integral para la prevención y bienestar en el trabajo /cIgnacio Forconi, Victoria García Huidobro. aCiudad Autónoma de Buenos Aires :bThomson Reuters La Ley,c2025. ap. 156-175 aCita Online: AR/DOC/3133/2024. aSumario: I. Introducción.— II. Vulnerabilidad de los trabajadores y de los usuarios y consumidores. Análisis comparativo de los arts. 20 de la ley 20.744 y 53 de la ley 24.240.— III. Reflexiones sobre los alcances del beneficio de justicia gratuita y el principio de gratuidad.— IV. Desafíos en el acceso a la justicia: El fallo "Cantos" de la Corte Interamericana de Derechos Humanos y la postura de la Corte Suprema de Justicia de la Nación.— V. Conclusión.  t¿Te interesa el texto completo? Solicitalo al correo: koha@justierradelfuego.gov.ar  0aDERECHO LABORAL 0aRIESGOS DEL TRABAJO 0aASEGURADOR POR RIESGOS DEL TRABAJO 0aHIGIENE Y SEGURIDAD EN EL TRABAJO 0aORGANIZACION INTERNACIONAL DEL TRABAJO aGarcía Huidobro, Victoriaecoautor0 02711dCiudad Autónoma de Buenos Aires : Thomson Reuters La Ley, 1999-2002.tRevista de derecho del trabajo. Nº 1 - Enero 2025